Normal view
MARC view
- Muhtar, Asmaji Aes
Entry Personal Name
001 - CONTROL NUMBER
- control field: 1771
003 - CONTROL NUMBER IDENTIFIER
- control field: OSt
005 - DATE AND TIME OF LATEST TRANSACTION
- control field: 20170505131801.0
008 - FIXED-LENGTH DATA ELEMENTS
- fixed length control field: 170505|| aca||aabn | a|a d
040 ## - CATALOGING SOURCE
- Original cataloging agency: OSt
- Transcribing agency: OSt
100 ## - HEADING--PERSONAL NAME
- Personal name: Muhtar, Asmaji Aes
670 ## - SOURCE DATA FOUND
- Source citation: Work cat.: (OSt): Al-Quraisy, Abul Fidaa' Ismail bin Katsir 1769, Kisah para nabi, 2001

PORTAL AKMAL
E-MEL JKDM
AKMAL2U
G-BAM
u-PUSTAKA